Music Quiz

Random Music Quiz

Green Day ABC Quiz Stats

 Plays Quiz not verified by Sporcle

Challenge
Share
Tweet
Embed
Score 0/23 Timer 04:00
0 Plays Today
Song Title Missing Word % Correct
______ CaseBasket
98.9%
______ of SuburbiaJesus
98.9%
______ Your EnemyKnow
98.9%
______ Day ParadeMacy's
97.8%
______ Me NovacaineGive
96.7%
______ a RideHitchin'
96.1%
______ Dumb to DieToo
96.1%
______ on SundayChurch
90%
______ the EndIn
90%
______ TeethPulling
90%
______ GirlExtraordinary
87.2%
______ VictimFashion
82.2%
Song Title Missing Word % Correct
______ ShanksArmatage
80.6%
______ Love SlaveDominated
80.6%
______ LiedYou
79.4%
______ For the RazorbacksOne
78.9%
______ ChildrenSweet
78.9%
______! That's LoudWow
78.3%
______ PrideNo
77.8%
______ of ControlLoss
77.2%
______ To AcceptanceRoad
76.1%
______X-Kid
65.8%
______Uptight
46.1%

You're not logged in!

Compare scores with friends on all Sporcle quizzes.
Join for Free
OR
Log In

You Might Also Like...

Show Comments

Extras

Top Quizzes Today


Score Distribution

Your Account Isn't Verified!

In order to create a playlist on Sporcle, you need to verify the email address you used during registration. Go to your Sporcle Settings to finish the process.

Report this User

Report this user for behavior that violates our Community Guidelines.

Details: